• 首页
  • 本馆介绍
  • 公告通知
  • 最新文献
  • 馆藏检索
  • 电子资源
  • 读者导购
  • 参考咨询
  • 我的图书馆
  • 登录
  • 详细信息显示
  • 放入我的书架
  • 预约/预借图书
  • 作者相关作品
  • 分类相关作品
  • 丛书相关作品
  • 出版社相关作品

书目信息

  • 表格格式
  • 工作单格式
  • 卡片格式
题名:
市场的时空向度
    
 
作者: 王鑫, 著
分册:  
出版信息: 上海   上海社会科学院出版社  2022.06
页数: 216页
开本: 24cm
丛书名:
单 册:
中图分类: F123.9
科图分类:
主题词: 中国经济--zhong guo jing ji--社会主义市场经济--研究
电子资源:
ISBN: 978-7-5520-3891-0
000 01424nam0 2200289 450
001 CAL 012022003535
005 20230217093113.0
010    @a978-7-5520-3891-0@dCNY78.00
035    @a(O310115XHC) 1213446972
039    @aA310000SHL@bUCS01004320391@c1213446972
100    @a20220826d2022 em y0chiy0120 ea
101 0  @achi
102    @aCN@b310000
105    @aak a 000yy
106    @ar
200 1  @a市场的时空向度@Ashi chang de shi kong xiang du@d= Space-time dimension of the market@e社会主义与市场经济的关系研究@f王鑫著@zeng
210    @a上海@c上海社会科学院出版社@d2022.06
215    @a216页@c图@d24cm
320    @a有书目 (第203-216页)
330    @a本书梳理、概括了中国共产党领导中国人民发展社会主义市场经济的理论创新和实践创新成果, 对社会主义市场经济理论与实践的新进展做了阐述。本书共七章, 包括马克思、恩格斯经典作家的社会主义经济理论评析, 苏联社会主义关于计划与市场的争论及发展, 市场经济国家的几种代表性类型及评价, 反思与探索: 中国特色社会主义与市场的结合等, 反映了中国共产党对社会主义市场经济发展道路的探索, 特别是改革开放四十多年来的伟大实践。
510 1  @aSpace-time dimension of the market@zeng
517 1  @a社会主义与市场经济的关系研究@Ashe hui zhu yi yu shi chang jing ji de guan xi yan jiu
606 0  @a中国经济@Azhong guo jing ji@x社会主义市场经济@x研究
690    @aF123.9@v5
701  0 @a王鑫,@Awang xin@f1991-@4著
801  0 @aCN@bBJXHZP@c20230228
905    @b1404565-8@dF123.9@e318@f4
    
    市场的时空向度= Space-time dimension of the market:社会主义与市场经济的关系研究/王鑫著.-上海:上海社会科学院出版社,2022.06
    216页:图;24cm
    
    
    ISBN 978-7-5520-3891-0:CNY78.00
    本书梳理、概括了中国共产党领导中国人民发展社会主义市场经济的理论创新和实践创新成果, 对社会主义市场经济理论与实践的新进展做了阐述。本书共七章, 包括马克思、恩格斯经典作家的社会主义经济理论评析, 苏联社会主义关于计划与市场的争论及发展, 市场经济国家的几种代表性类型及评价, 反思与探索: 中国特色社会主义与市场的结合等, 反映了中国共产党对社会主义市场经济发展道路的探索, 特别是改革开放四十多年来的伟大实践。
●
相关链接 在E读中查询图书 在五车中查询图书 在当当中查询图书 在豆瓣中查询图书


正题名:市场的时空向度     索取号:F123.9/318         预约/预借

序号 登录号 条形码 馆藏地/架位号 状态 备注
1 1404565   214045656   第一样本阅览室/ [索取号:F123.9/318] 在馆    
2 1404566   214045665   第一借阅区/ [索取号:F123.9/318] 在馆    
3 1404567   214045674   第一借阅区/ [索取号:F123.9/318] 在馆    
4 1404568   214045683   第一借阅区/ [索取号:F123.9/318] 在馆    
唐山师范学院图书馆 欢迎您!
大连网信软件有限公司© 版权所有